Bi the way : the bisexual guide to life /

Uloženo v:
Podrobná bibliografie
Hlavní autor: Shearing Lois (Autor)
Médium: Kniha
Jazyk:angličtina
Vydáno: London ; Philadelphia : Jessica Kingsley, 2021
Tagy: Přidat tag
Žádné tagy, Buďte první, kdo vytvoří štítek k tomuto záznamu!

MARC

LEADER 00000nam a22000007i 4500
001 IT\ICCU\CAM\0260057
003 ItRI
005 20260115232015.0
008 231020s2021 xxk|||||| ||||| |||||c
020 |a 9781787752900 (pbk) 
040 |b ita  |c importazione bologna sebina 
041 7 |a eng  |2 ISO-639-2 
100 0 |a Shearing Lois  |0 IT\ICCU\CAMV\103637  |4 aut 
240 1 0 |a Bi the way  |3 IT\ICCU\UBO\4760568  |9 Shearing Lois 
245 1 0 |a  Bi the way :  |b the bisexual guide to life /  |c Lois Shearing. 
260 |a London ;  |a Philadelphia :  |b Jessica Kingsley,  |c 2021 
300 |a 240 p. ;  |c 22 cm 
942 |2 ddc  |c BK  |n 0 
952 |0 0  |1 0  |4 0  |6 B_306_760000000000000_SHE  |7 0  |9 18808  |a BO  |b BO  |d 2026-01-15  |i 20507  |l 0  |o B 306.76 SHE  |p BO20507  |r 2026-01-15 23:20:15  |w 2026-01-15  |x [Sebina 5] [1 v.]  |y BK  |z 1 v. 
999 |c 15970  |d 15970